Music Quiz

Random Music or Album Quiz

Prince well known songs for the Newbies Quiz Stats

Quiz not verified by Sporcle

Challenge
Share
Tweet
Embed
Score 0/55 Timer 07:00
0 Plays Today
Off Album Answer % Correct
Purple Rain 1984Purple Rain
88.7%
Parade 1986Kiss
82.3%
Controversy 1981Controversy
80.6%
1999 19821999
80.6%
Purple Rain 1984When Doves Cry
79%
Prince 1979I wanna be your lover
77.4%
1999 1982Little Red Corvette
77.4%
Around the World in a Day 1985Raspberry Beret
77.4%
Prince 1979I Feel For You
75.8%
Dirty Mind 1980Head
69.4%
Purple Rain 1984Lets Go Crazy
69.4%
Sign o the Times 1987Sign o the times
69.4%
Diamonds and Pearls 1991Cream
69.4%
Dirty Mind 1980Dirty Mind
67.7%
Purple Rain 1984I Would Die 4 u
67.7%
Around the World in a Day 1985Paisley Park
67.7%
Batman 1989Batdance
67.7%
Purple Rain 1984Take me with u
66.1%
Dirty Mind 1980Sister
64.5%
Diamonds and Pearls 1991Diamonds and Pearls
64.5%
For You 1978Soft and Wet
62.9%
1999 1982Delirious
61.3%
Sign o the Times 1987U got the look
61.3%
The Beautiful Experience 1994The most beautiful girl in the world
61.3%
Diamonds and Pearls 1991Gett Off
58.1%
Around the World in a Day 1985Pop Life
56.5%
Lovesexy 1988Alphabet Street
56.5%
Graffiti Bridge 1990Thieves in the temple
56.5%
Off Album Answer % Correct
Lovesymbol 19927
56.5%
Parade 1986Mountains
54.8%
Prince 1979Why you wanna treat me so bad
53.2%
1999 1982Lets Pretend were married
50%
Lovesexy 1988Annastesia
50%
Lovesymbol 1992Sexy MF
50%
Lovesexy 1988Glam slam
48.4%
Batman 1989Partyman
48.4%
Musicology 2004Musicology
48.4%
Controversy 1981Do Me Baby
46.8%
Parade 1986Girls and Boys
46.8%
Emancipation 1996Betcha by golly wow
45.2%
Controversy 1981Sexuality
43.5%
Lovesymbol 1992My name is Prince
41.9%
Diamonds and Pearls 1991Money don't matter 2nite
40.3%
Graffiti Bridge 1990Round and Round
37.1%
3121 2006Black Sweat
37.1%
Come 1994Letitgo
35.5%
Gold Experience 1995I hate u
33.9%
Planet Earth 2007Guitar
33.9%
Lotusflow3r 2009Crimson and Clover
32.3%
2014 Art Official AgeBreakfast can wait
22.6%
2010 No albumPurple and Gold
21%
2013 No albumScrewdriver
16.1%
2014 Art Offical AgeClouds
16.1%
2014 Plectrum ElectrumWhitecaps
12.9%
2012 No albumRock n roll love affair
9.7%

You're not logged in!

Compare scores with friends on all Sporcle quizzes.
Join for Free
OR
Log In

You Might Also Like...

Show Comments

Extras

Top Quizzes Today


Score Distribution

Your Account Isn't Verified!

In order to create a playlist on Sporcle, you need to verify the email address you used during registration. Go to your Sporcle Settings to finish the process.

Report this User

Report this user for behavior that violates our Community Guidelines.

Details: